00833nam a2200241 a 450000100100000000500170001000800410002701000130006803500190008104000230010004300120012308200180013510000320015324500680018525000110025326000510026430000510031550001160036650400410048265000210052365000200054470000270056400001087520200929162318.0771205s1976 ve af b f000 0 spa d a77561643 a(DLC) 77561643 aDO-SdBNPcDLCdDLC as-ve--- a591.87bS479m1 aSequera de Gómez, Carmen,13aEl Mensaje de La Petrolia /cRafael Maria Rosales [compilador]. a2. ed. aCaracas :bPresidencia de la Republica,c1976. a222 p., [9] leaves of plates :bill. ;c22 cm. aIncludes essays and documents on the history of the Venezuelan oil industry from its beginnings to the present. aIncludes bibliographical references. 4aFaunazVenezuela 4aFaunaxHistoria1 aRosales, Rafael Maria.